<?xml version="1.0" encoding="UTF-8"?>
<record
    xmlns:xsi="http://www.w3.org/2001/XMLSchema-instance"
    xsi:schemaLocation="http://www.loc.gov/MARC21/slim http://www.loc.gov/standards/marcxml/schema/MARC21slim.xsd"
    xmlns="http://www.loc.gov/MARC21/slim">

  <leader>02956cam a2200553 i 4500</leader>
  <controlfield tag="001">1487</controlfield>
  <controlfield tag="005">20230828151850.0</controlfield>
  <controlfield tag="008">190716r20182017nyuab  j      000 1 eng d</controlfield>
  <datafield tag="020" ind1=" " ind2=" ">
    <subfield code="a">978910989449</subfield>
  </datafield>
  <datafield tag="040" ind1=" " ind2=" ">
    <subfield code="a">YDX</subfield>
    <subfield code="b">eng</subfield>
    <subfield code="c">YDX</subfield>
    <subfield code="e">rda</subfield>
    <subfield code="d">BTCTA</subfield>
    <subfield code="d">BDX</subfield>
    <subfield code="d">CHILD</subfield>
    <subfield code="d">SMDRL</subfield>
    <subfield code="d">OI6</subfield>
    <subfield code="d">SRC</subfield>
    <subfield code="d">TXLBH</subfield>
    <subfield code="d">UAB</subfield>
    <subfield code="d">IGA</subfield>
    <subfield code="d">OCLCF</subfield>
    <subfield code="d">NYP</subfield>
    <subfield code="d">VP@</subfield>
    <subfield code="d">T3B</subfield>
    <subfield code="d">EHH</subfield>
    <subfield code="d">DYJ</subfield>
    <subfield code="d">OCLCQ</subfield>
    <subfield code="d">DEERP</subfield>
    <subfield code="d">UIU</subfield>
    <subfield code="d">LIBLM</subfield>
    <subfield code="d">AZD</subfield>
    <subfield code="d">OCLCO</subfield>
    <subfield code="d">UNITY</subfield>
    <subfield code="d">YU2</subfield>
    <subfield code="d">CNEDM</subfield>
    <subfield code="d">AZT</subfield>
    <subfield code="d">JTQ</subfield>
    <subfield code="d">KCP</subfield>
    <subfield code="d">IOS</subfield>
    <subfield code="d">MNM</subfield>
    <subfield code="d">WLM</subfield>
    <subfield code="d">MCW</subfield>
    <subfield code="d">GBX</subfield>
    <subfield code="d">EZC</subfield>
    <subfield code="d">FNN</subfield>
    <subfield code="d">B@L</subfield>
    <subfield code="d">IAD</subfield>
    <subfield code="d">DUD</subfield>
    <subfield code="d">TEU</subfield>
    <subfield code="d">FLM</subfield>
    <subfield code="d">CNCAR</subfield>
    <subfield code="d">JTO</subfield>
    <subfield code="d">ONT</subfield>
    <subfield code="d">MJ8</subfield>
    <subfield code="d">FSP</subfield>
    <subfield code="d">DPL</subfield>
    <subfield code="d">IPL</subfield>
    <subfield code="d">JSE</subfield>
    <subfield code="d">HCO</subfield>
    <subfield code="d">ZAC</subfield>
    <subfield code="d">UPM</subfield>
    <subfield code="d">G8V</subfield>
    <subfield code="d">OJ4</subfield>
    <subfield code="d">JRU</subfield>
    <subfield code="d">TD7</subfield>
    <subfield code="d">IJ5</subfield>
    <subfield code="d">KAA</subfield>
    <subfield code="d">UOK</subfield>
    <subfield code="d">EYB</subfield>
    <subfield code="d">T7L</subfield>
    <subfield code="d">CREBL</subfield>
    <subfield code="d">MQP</subfield>
    <subfield code="d">TXHLC</subfield>
    <subfield code="d">CNCBE</subfield>
    <subfield code="d">MOU</subfield>
    <subfield code="d">ON8</subfield>
    <subfield code="d">OY4</subfield>
    <subfield code="d">CNWPU</subfield>
    <subfield code="d">AZH</subfield>
    <subfield code="d">RCL</subfield>
    <subfield code="d">SDL</subfield>
    <subfield code="d">FX8</subfield>
    <subfield code="d">BUDAP</subfield>
    <subfield code="d">SPP</subfield>
    <subfield code="d">TOP</subfield>
    <subfield code="d">IUK</subfield>
    <subfield code="d">OCLCQ</subfield>
    <subfield code="d">OCLCO</subfield>
    <subfield code="d">NJB</subfield>
    <subfield code="d">YU6</subfield>
    <subfield code="d">CRP</subfield>
    <subfield code="d">WYG</subfield>
    <subfield code="d">NQN</subfield>
    <subfield code="d">WC$</subfield>
    <subfield code="d">MLSOD</subfield>
    <subfield code="d">NZLEP</subfield>
    <subfield code="d">OCLCQ</subfield>
    <subfield code="d">IV5</subfield>
    <subfield code="d">OQ8</subfield>
    <subfield code="d">OCLCO</subfield>
    <subfield code="d">KGI</subfield>
    <subfield code="d">TXENN</subfield>
    <subfield code="d">OCLCO</subfield>
    <subfield code="d">MWD</subfield>
    <subfield code="d">KVB</subfield>
    <subfield code="d">OCLCO</subfield>
    <subfield code="d">LMJ</subfield>
    <subfield code="d">OCLCO</subfield>
    <subfield code="d">LKC</subfield>
    <subfield code="d">XOL</subfield>
    <subfield code="d">OCLCO</subfield>
    <subfield code="d">FMA</subfield>
    <subfield code="d">OCLCO</subfield>
    <subfield code="d">UNL</subfield>
    <subfield code="d">JVM</subfield>
    <subfield code="d">LE8</subfield>
    <subfield code="d">OCLCO</subfield>
    <subfield code="d">BYV</subfield>
    <subfield code="d">OCLCO</subfield>
    <subfield code="d">ZQP</subfield>
    <subfield code="d">OCLCO</subfield>
    <subfield code="d">TXSVP</subfield>
    <subfield code="d">DLC</subfield>
  </datafield>
  <datafield tag="050" ind1="0" ind2="0">
    <subfield code="a">PZ7.E8886</subfield>
    <subfield code="b">We 2018</subfield>
  </datafield>
  <datafield tag="082" ind1="0" ind2="4">
    <subfield code="a">823.92</subfield>
    <subfield code="2">23</subfield>
  </datafield>
  <datafield tag="100" ind1="1" ind2=" ">
    <subfield code="a">Evans, Lissa,</subfield>
    <subfield code="e">author.</subfield>
  </datafield>
  <datafield tag="245" ind1="1" ind2="0">
    <subfield code="a">Wed wabbit /</subfield>
    <subfield code="c">Lissa Evans ; [map illustration, Tomislav Tomic].</subfield>
  </datafield>
  <datafield tag="246" ind1="1" ind2=" ">
    <subfield code="i">Also known as:</subfield>
    <subfield code="a">Red rabbit</subfield>
  </datafield>
  <datafield tag="250" ind1=" " ind2=" ">
    <subfield code="a">First edition.</subfield>
  </datafield>
  <datafield tag="260" ind1=" " ind2=" ">
    <subfield code="b">Clays, Ltd , St Ives plc.</subfield>
  </datafield>
  <datafield tag="300" ind1=" " ind2=" ">
    <subfield code="a">242 pages :</subfield>
    <subfield code="b">illustrations ; </subfield>
    <subfield code="c">22 cm</subfield>
  </datafield>
  <datafield tag="500" ind1=" " ind2=" ">
    <subfield code="a">Originally published in the United Kingdom in 2017 by David Fickling Books.</subfield>
  </datafield>
  <datafield tag="505" ind1=" " ind2=" ">
    <subfield code="a">W 
</subfield>
  </datafield>
  <datafield tag="520" ind1=" " ind2=" ">
    <subfield code="a">You're called Fidge and you're nearly 11. You've been hurled into a strange world. You have three companions: two are unbelievably weird and the third is your awful cousin Graham. You have to solve a series of nearly impossible clues. You need to deal with a cruel dictator and three thousand Wimbley Woos (yes, you read that sentence correctly). And the whole situation - the whole, entire thing - is your fault.</subfield>
  </datafield>
  <datafield tag="521" ind1=" " ind2=" ">
    <subfield code="a">870 
</subfield>
    <subfield code="b">Lexile 
</subfield>
  </datafield>
  <datafield tag="521" ind1=" " ind2=" ">
    <subfield code="a">W 
</subfield>
    <subfield code="b">Raz-Plus 
</subfield>
  </datafield>
  <datafield tag="650" ind1=" " ind2="0">
    <subfield code="a">Cousins</subfield>
    <subfield code="v">Juvenile fiction.</subfield>
  </datafield>
  <datafield tag="650" ind1=" " ind2="0">
    <subfield code="a">Imaginary places</subfield>
    <subfield code="v">Juvenile fiction.</subfield>
  </datafield>
  <datafield tag="650" ind1=" " ind2="1">
    <subfield code="a">Cousins</subfield>
    <subfield code="v">Fiction.</subfield>
  </datafield>
  <datafield tag="650" ind1=" " ind2="1">
    <subfield code="a">Imaginary places</subfield>
    <subfield code="v">Fiction.</subfield>
  </datafield>
  <datafield tag="650" ind1=" " ind2="4">
    <subfield code="a">Humorous fiction.</subfield>
  </datafield>
  <datafield tag="650" ind1=" " ind2="4">
    <subfield code="a">Imaginary places</subfield>
    <subfield code="v">Fiction.</subfield>
  </datafield>
  <datafield tag="650" ind1=" " ind2="4">
    <subfield code="a">Cousins</subfield>
    <subfield code="v">Fiction.</subfield>
  </datafield>
  <datafield tag="650" ind1=" " ind2="7">
    <subfield code="a">JUVENILE FICTION</subfield>
    <subfield code="x">Action &amp; Adventure.</subfield>
    <subfield code="2">bisacsh</subfield>
  </datafield>
  <datafield tag="650" ind1=" " ind2="7">
    <subfield code="a">JUVENILE FICTION</subfield>
    <subfield code="x">Family.</subfield>
    <subfield code="2">bisacsh</subfield>
  </datafield>
  <datafield tag="650" ind1=" " ind2="7">
    <subfield code="a">JUVENILE FICTION</subfield>
    <subfield code="x">Humorous Stories.</subfield>
    <subfield code="2">bisacsh</subfield>
  </datafield>
  <datafield tag="650" ind1=" " ind2="7">
    <subfield code="a">Cousins.</subfield>
    <subfield code="2">fast</subfield>
    <subfield code="0">(OCoLC)fst00881894</subfield>
  </datafield>
  <datafield tag="650" ind1=" " ind2="7">
    <subfield code="a">Imaginary places.</subfield>
    <subfield code="2">fast</subfield>
    <subfield code="0">(OCoLC)fst00967571</subfield>
  </datafield>
  <datafield tag="650" ind1=" " ind2="7">
    <subfield code="a">Soft toys</subfield>
    <subfield code="v">Fiction.</subfield>
    <subfield code="2">sears</subfield>
  </datafield>
  <datafield tag="650" ind1=" " ind2="7">
    <subfield code="a">Monsters</subfield>
    <subfield code="v">Fiction.</subfield>
    <subfield code="2">sears</subfield>
  </datafield>
  <datafield tag="655" ind1=" " ind2="4">
    <subfield code="a">Humorous fiction.</subfield>
  </datafield>
  <datafield tag="655" ind1=" " ind2="7">
    <subfield code="a">Fiction.</subfield>
    <subfield code="2">fast</subfield>
    <subfield code="0">(OCoLC)fst01423787</subfield>
  </datafield>
  <datafield tag="655" ind1=" " ind2="7">
    <subfield code="a">Humorous fiction.</subfield>
    <subfield code="2">fast</subfield>
    <subfield code="0">(OCoLC)fst01726649</subfield>
  </datafield>
  <datafield tag="655" ind1=" " ind2="7">
    <subfield code="a">Juvenile works.</subfield>
    <subfield code="2">fast</subfield>
    <subfield code="0">(OCoLC)fst01411637</subfield>
  </datafield>
  <datafield tag="655" ind1=" " ind2="7">
    <subfield code="a">Humorous fiction.</subfield>
    <subfield code="2">gsafd</subfield>
  </datafield>
  <datafield tag="655" ind1=" " ind2="7">
    <subfield code="a">Humorous fiction.</subfield>
    <subfield code="2">lcgft</subfield>
  </datafield>
  <datafield tag="655" ind1=" " ind2="7">
    <subfield code="a">Adventure fiction.</subfield>
    <subfield code="2">sears</subfield>
  </datafield>
  <datafield tag="655" ind1=" " ind2="7">
    <subfield code="a">Humorous fiction.</subfield>
    <subfield code="2">sears</subfield>
  </datafield>
  <datafield tag="700" ind1="1" ind2=" ">
    <subfield code="a">Tomic, Tomislav,</subfield>
    <subfield code="e">illustrator.</subfield>
  </datafield>
  <datafield tag="906" ind1=" " ind2=" ">
    <subfield code="a">7</subfield>
    <subfield code="b">cbc</subfield>
    <subfield code="c">copycat</subfield>
    <subfield code="d">2</subfield>
    <subfield code="e">ncip</subfield>
    <subfield code="f">20</subfield>
    <subfield code="g">y-gencatlg</subfield>
  </datafield>
  <datafield tag="942" ind1=" " ind2=" ">
    <subfield code="2">ddc</subfield>
    <subfield code="c">BK</subfield>
    <subfield code="n">0</subfield>
  </datafield>
  <datafield tag="999" ind1=" " ind2=" ">
    <subfield code="c">1487</subfield>
    <subfield code="d">1487</subfield>
  </datafield>
  <datafield tag="952" ind1=" " ind2=" ">
    <subfield code="0">0</subfield>
    <subfield code="1">0</subfield>
    <subfield code="2">ddc</subfield>
    <subfield code="4">0</subfield>
    <subfield code="7">0</subfield>
    <subfield code="8">JUVF</subfield>
    <subfield code="a">001</subfield>
    <subfield code="b">001</subfield>
    <subfield code="c">TTP</subfield>
    <subfield code="d">2023-08-28</subfield>
    <subfield code="l">0</subfield>
    <subfield code="o">LIS Fic PZ7.E8886</subfield>
    <subfield code="p">FIS01769</subfield>
    <subfield code="r">2023-08-28 15:18:45</subfield>
    <subfield code="t">1</subfield>
    <subfield code="w">2023-08-28</subfield>
    <subfield code="y">BK</subfield>
  </datafield>
</record>
